TH-SOF-0783-GLOBAL OPTIMIZATION ENSEMBLE MODEL FOR CLASSIFICATION METHODS FINAL THESIS REPORT (Record no. 578807)
[ view plain ]
| 000 -LEADER | |
|---|---|
| fixed length control field | 00380nam a22001217a 4500 |
| 082 ## - DEWEY DECIMAL CLASSIFICATION NUMBER | |
| Classification number | THE 200 |
| 100 ## - MAIN ENTRY--PERSONAL NAME | |
| Personal name | Hina Anwar |
| 9 (RLIN) | 15666 |
| 245 ## - TITLE STATEMENT | |
| Title | TH-SOF-0783-GLOBAL OPTIMIZATION ENSEMBLE MODEL FOR CLASSIFICATION METHODS FINAL THESIS REPORT |
| 260 ## - PUBLICATION, DISTRIBUTION, ETC. | |
| Place of publication, distribution, etc. | NUST COLLEGE OF EME |
| Name of publisher, distributor, etc. | ISLAMABAD |
| Date of publication, distribution, etc. | 2001 |
| 650 ## - SUBJECT ADDED ENTRY--TOPICAL TERM | |
| Topical term or geographic name entry element | MS-CSE-10 MSTHESIS |
| 9 (RLIN) | 70287 |
| 700 ## - ADDED ENTRY--PERSONAL NAME | |
| Personal name | Dr. Usman Qamar |
| 9 (RLIN) | 18579 |
| 942 ## - ADDED ENTRY ELEMENTS (KOHA) | |
| Koha item type | Computer Files |
| Withdrawn status | Lost status | Damaged status | Not for loan | Permanent Location | Current Location | Shelving location | Date acquired | Total Checkouts | Full call number | Barcode | Date last seen | Price effective from | Koha item type |
|---|---|---|---|---|---|---|---|---|---|---|---|---|---|
| College of Electrical & Mechanical Engineering (CEME) | College of Electrical & Mechanical Engineering (CEME) | Reference | 03/11/2020 | THE 200 | TH-SOF-0783 | 06/28/2021 | 06/28/2021 | Computer Files |
